Countries that made up the Soviet Union - Statistics

General Stats
  • This quiz has been taken 31 times
  • The average score is 13 of 15
Answer Stats
Country % Correct
Ukraine
97%
Russia
90%
Belarus
87%
Estonia
87%
Latvia
87%
Lithuania
87%
Georgia
83%
Kazakhstan
83%
Moldova
83%
Uzbekistan
83%
Armenia
80%
Azerbaijan
80%
Kyrgyzstan
80%
Tajikistan
77%
Turkmenistan
77%
No matching quizzes found
Score Distribution
Percent of People with Each Score
Percentile by Number Answered
Your Score History
You have not taken this quiz